| 000 | 01208nam1a22003011i 4500 | ||
|---|---|---|---|
| 001 | v19\rc\1833483 | ||
| 005 | 20260406210034.0 | ||
| 035 | _a(NLR Aleph) 004928600 | ||
| 090 |
_a5655206 _c5655206 |
||
| 100 | _a20071224d19081914|||y0rusy50 ca | ||
| 101 | 0 | _arus | |
| 102 | _aRU | ||
| 105 | _a z ||||| | ||
| 200 | 1 | _aОтчет Киевского общества народных детских садов... | |
| 210 |
_aКиев _d1908-1914 |
||
| 215 | _d22 | ||
| 300 | _aЗагл. отчетов за 1907-1908 гг.: Отчет о деятельности Киевского общества народных детских садов | ||
| 517 | 0 | _aОтчет о деятельности Киевского общества народных детских садов | |
| 710 | 0 | 2 |
_aКиевское общество народных детских садов _9429896 _3RU\NLR\AUTH\889966764 |
| 801 | 0 |
_aRU _bNLR _gpsbo |
|
| 801 | 0 |
_aRU _bRuMoRGB _2psbo |
|
| 801 | 1 |
_aRU _bProSoft-M _2rusmarc |
|
| 852 |
_aNLR _j34.61а.4.424 |
||
| 899 |
_aRuMoRGB (1907-1913) _jA 269/508 |
||
| 899 |
_aRuMoRGB (1907-1913) _jA 323/289 |
||
| 899 | _aБАН (1907-1912) | ||
| 899 | _aНБ СПбГУ (1907) | ||
| 942 | _cBOOK | ||